All Stevie Wonder Songs - Statistics

General Stats
  • This quiz has been taken 47 times
  • The average score is 43 of 373
Answer Stats
Answer % Correct
Talking Book Superstition
77%
Songs In The Key Of Life Sir Duke
65%
Songs In The Key Of Life As
62%
For Once In My Life For Once In My Life
62%
Duets: An American Classic For Once In My Life (With Tony Bennett)
62%
Songs In The Key Of Life Isn't She Lovely
58%
Signed, Sealed & Delivered Signed Sealed Delivered I'm Yours
58%
Guilty Signed Sealed Delivered I'm Yours (With Blue & Angie Stone)
58%
Hotter Than July Happy Birthday
54%
Innervisions Higher Ground
54%
Songs In The Key Of Life I Wish
54%
My Cherie Amour My Cherie Amour
54%
Songs In The Key Of Life Contusion (Instrumental)
50%
Innervisions Living For The City
50%
In Square Circle Part Time Lover
50%
Songs In The Key Of Life Pastime Paradise
50%
Innervisions Don't You Worry Bout A Thing
46%
The Woman In Red: Soundtrack I Just Called To Say I Love You
46%
Music Of My Mind Superwoman
46%
A Something's Extra EP Ebony Eyes
42%
Innervisions Golden Lady
42%
Songs In The Key Of Life Love's In Need Of Love Today
42%
A Something's Extra EP Saturn
42%
Up-Tight Uptight (Everything's Alright)
42%
Innervisions Visions
42%
Talking Book You Are The Sunshine Of My Life
42%
Fulfillingness' First Finale You Haven't Done Nothin
42%
Hotter Than July All I Do
38%
Songs In The Key Of Life Another Star
38%
Songs In The Key Of Life Black Man
38%
Stevie Wonder's Original Musiquarium I Do I Do
38%
Hotter Than July Master Blaster (Jammin')
38%
Songs In The Key Of Life Ordinary Pain
38%
Innervisions | Just Between Us Too High
38%
Songs In The Key Of Life Village Ghetto Land
38%
USA For Africa We Are The World
38%
Songs In The Key Of Life Have A Talk With God
35%
I Was Made To Love Her I Was Made To Love Her
35%
Hotter Than July Lately
35%
Fulfillingness' First Finale Creepin
31%
Music Of My Mind Evil
31%
Innervisions He's Misstra Know It All
31%
Songs In The Key Of Life If Its Magic
31%
Music Of My Mind I Love Every Little Thing About You
31%
Songs In The Key Of Life Knocks Me Off My Feet
31%
Talking Book Maybe Your Baby
31%
In Square Circle Overjoyed
31%
Loved Me Back To Life Overjoyed (With Celine Dion)
31%
Hotter Than July Rocket Love
31%
With A Song In My Heart Smile
31%
A Something's Extra EP All Day Sucker
27%
A Something's Extra EP Easy Goin' Evening (My Mama's Call)
27%
Sing: Original Motion Picture Soundtrack Faith (With Ariana Grande)
27%
The Jazz Soul Of Little Stevie Fingertips
27%
Recorded Live: The 12 Year Old Genius Fingertips (Part 2)
27%
Innervisions Jesus Children Of America
27%
Songs In The Key Of Life Ngiculela – Es Una Historia – I Am Singing
27%
Stevie Wonder's Original Musiquarium I Ribbon In The Sky
27%
Fulfillingness' First Finale Smile Please
27%
Songs In The Key Of Life Summer Soft
27%
Stevie Wonder's Original Musiquarium I That Girl
27%
Innervisions All In Love Is Fair
23%
A Time To Love A Time To Love (ft India Arie & Paul McCartney)
23%
Talking Book Big Brother
23%
Fulfillingness' First Finale Boogie On Reggae Woman
23%
Stevie Wonder's Original Musiquarium I Front Line
23%
Music Of My Mind Girl Blue
23%
Fulfillingness' First Finale Heaven Is 10 Zillion Light Years Away
23%
Hotter Than July I Ain't Gonna Stand For It
23%
Where I'm Coming From If You Really Love Me
23%
In Square Circle It's Wrong (Apartheid)
23%
Songs In The Key Of Life Joy Inside My Tears
23%
Jungle Fever Jungle Fever
23%
Stevie Wonder's Journey Through 'The Secret Life of Plants' Send One Your Love
23%
Stevie Wonder's Journey Through 'The Secret Life of Plants' Send One Your Love (Instrumental)
23%
Fulfillingness' First Finale They Won't Go When I Go
23%
Signed, Sealed & Delivered We Can Work It Out
23%
In Square Circle Whereabouts
23%
Talking Book You And I (We Can Conquer The World)
23%
Stevie Wonder's Journey Through 'The Secret Life of Plants' Black Orchid
19%
Hotter Than July Cash In Your Face
19%
Hotter Than July Did I Hear You Say You Love Me
19%
Characters Get It (With Michael Jackson)
19%
Fulfillingness' First Finale It Ain't No Use
19%
Music Of My Mind Keep On Running
19%
Where I'm Coming From Look Around
19%
In Square Circle Never In Your Sun
19%
Someday At Christmas Someday At Christmas
19%
Where I'm Coming From Sunshine In Their Eyes
19%
Friends That's What Friends Are For (Dionne Warwick ft Elton John, Gladys Knight & Stevie Wonder)
19%
Used To Be Used To Be (With Charlene)
19%
Fulfillingness' First Finale Bird Of Beauty
15%
Talking Book Blame It On The Sun
15%
Hotter Than July Do Like You
15%
Down To Earth Down To Earth
15%
Conversation Peace For Your Love
15%
Talking Book I Believe (When I Fall In Love It Will Be Forever)
15%
Where I'm Coming From I Wanna Talk To You
15%
Music Of My Mind Love Having You Around
15%
Where I'm Coming From Never Dreamed You'd Leave In Summer
15%
Stevie Wonder's Journey Through 'The Secret Life of Plants' Outside My Window
15%
Fulfillingness' First Finale Please Don't Go
15%
Stevie Wonder's Journey Through 'The Secret Life of Plants' Power Flower
15%
Characters Skeletons
15%
In Square Circle Stranger On The Shore Of Love
15%
For Once In My Life Sunny
15%
Where I'm Coming From Think Of Me As Your Soldier
15%
Fulfillingness' First Finale Too Shy To Say
15%
Talking Book Tuesday Heartbreak
15%
With A Song In My Heart With A Song In My Heart
15%
Stevie Wonder's Journey Through 'The Secret Life of Plants' A Seed's A Star
12%
Hotter Than July As If You Read My Mind
12%
Up-Tight Blowin' In The Wind
12%
Stevie At The Beach Castles In The Sand
12%
Stevie At The Beach Castles In The Sand (Instrumental)
12%
Conversation Peace Conversation Peace
12%
Where I'm Coming From Do Yourself A Favor
12%
Characters Free
12%
In Square Circle Go Home
12%
Music Of My Mind Happier Than The Morning Sun
12%
In Square Circle I Love You Too Much
12%
Stevie Wonder's Journey Through 'The Secret Life of Plants' Kesse Ye Lolo De Ye
12%
In Square Circle Land Of La La
12%
Characters My Eyes Don't Cry (Bonus Track)
12%
Non Stop My Love (With Julio Iglesias)
12%
Music Of My Mind Seems So Long
12%
Where I'm Coming From Something Out Of The Blue
12%
Music Of My Mind Sweet Little Girl
12%
Where I'm Coming From Take Up A Course In Happiness
12%
Stevie Wonder's Journey Through 'The Secret Life of Plants' The Secret Life Of Plants
12%
Stevie Wonder's Journey Through 'The Secret Life of Plants' Tree
12%
Stevie Wonder's Journey Through 'The Secret Life of Plants' Voyage To India
12%
Someday At Christmas What Christmas Means To Me
12%
Hero Why (Kirk Franklin ft Stevie Wonder)
12%
My Cherie Amour Yester-Me Yester-You Yesterday
12%
Talking Book You've Got It Bad Girl
12%
Characters You Will Know
12%
For Once In My Life Ain't No Lovin'
8%
Eivets Rednow Alfie
8%
Down To Earth A Place In The Sun
8%
Characters Come Let Me Make Your Love Come Down (ft B.B King & Stevie Ray Vaughan) (Bonus Track)
8%
Characters Dark N Lovely
8%
The Woman In Red: Soundtrack Don't Drive Drunk
8%
Stevie Wonder's Journey Through 'The Secret Life of Plants' Earth's Creation
8%
Stevie Wonder's Journey Through 'The Secret Life of Plants' Ecclesiastes
8%
Stevie Wonder's Journey Through 'The Secret Life of Plants' Finale (Instrumental)
8%
The Lockdown Sessions Finish Line (With Elton John)
8%
Jungle Fever Fun Day
8%
Tribute To Uncle Ray Hallelujah I Love Her So
8%
Signed, Sealed & Delivered Heaven Help Us All
8%
Looking Back | Signed, Sealed & Delivered I Gotta Have A Song
8%
Characters In Your Corner
8%
Signed, Sealed & Delivered Joy (Takes Over Me)
8%
Single Little Water Boy
8%
Talking Book Lookin' For Another Pure Love
8%
The Woman In Red: Soundtrack Love Light In Flight
8%
A Time To Love Moon Blue
8%
Signed, Sealed & Delivered Never Had A Dream Come True
8%
Stevie Wonder's Journey Through 'The Secret Life of Plants' Race Babbling
8%
Stevie Wonder's Journey Through 'The Secret Life of Plants' Same Old Story
8%
For Once In My Life Shoo-Be-Doo-Be-Doo-Da-Day
8%
So Amazing: An All-Star Tribute To Luther Vandross So Amazing (With Beyonce)
8%
In Square Circle Spiritual Walkers
8%
Signed, Sealed & Delivered Sugar
8%
Tribute To Uncle Ray Sunset
8%
Stevie Wonder's Journey Through 'The Secret Life of Plants' The First Garden
8%
Someday At Christmas The Little Drummer Boy
8%
Jungle Fever These Three Words
8%
The Woman In Red: Soundtrack The Woman In Red
8%
Stevie Wonder's Journey Through 'The Secret Life of Plants' Venus Flytrap & The Bug
8%
Characters With Each Beat Of My Heart
8%
Looking Back Workout Stevie Workout
8%
Eivets Rednow A House Is Not A Home
4%
Stevie Wonder's Journey Through 'The Secret Life of Plants' Ai No Sono
4%
Tribute To Uncle Ray Ain't That Love
4%
Down To Earth Angel Baby (Don't You Ever Leave Me)
4%
My Cherie Amour Angie Girl
4%
The Jazz Soul Of Little Stevie Bam
4%
Down To Earth Bang Bang
4%
Down To Earth Be Cool, Be Calm (And Keep Yourself Together)
4%
Black America Again Black America Again (Common ft Stevie Wonder)
4%
Everything Is 4 Broke (Jason Derulo ft Stevie Wonder & Keith Urban)
4%
Non-Album Singles Can We Fix Our Nation's Broken Heart
4%
Stevie Wonder's Journey Through 'The Secret Life of Plants' Come Back As A Flower
4%
Up-Tight Contract On Love
4%
Characters Cryin' Through The Night
4%
Natural Wonder Dancing To The Rhythm
4%
For Once In My Life Do I Love Her
4%
Signed, Sealed & Delivered Don't Wonder Why
4%
A Time To Love From The Bottom Of My Heart
4%
Characters Galaxy Paradise
4%
My Cherie Amour Give Your Love
4%
For Once In My Life God Bless The Child
4%
Stevie At The Beach Happy Street
4%
Stevie At The Beach Hey Harmonica Man
4%
Up-Tight Hold Me
4%
For Once In My Life I Don't Know Why
4%
A Time To Love If Your Love Cannot Be Moved (ft Kim Burrell)
4%
Tribute To Uncle Ray (I'm Afraid) The Masquerade Is Over
4%
Recorded Live: The 12 Year Old Genius La La La La La
4%
Q's Jook Joint Let The Good Times Roll (With Quincy Jones, Bono & Ray Charles)
4%
Jungle Fever Lighting Up The Candles
4%
My Cherie Amour Light My Fire
4%
Up-Tight Love A Go Go
4%
Tribute To Uncle Ray Mary Ann
4%
Down To Earth Mr Tambourine Man
4%
Up-Tight Music Talk
4%
Eivets Rednow Never My Love/Ask The Lonely
4%
Characters One Of A Kind
4%
Partners People (With Barbra Streisand)
4%
Pops We Love You...The Album Pops We Love You (Diana Ross, Marvin Gaye, Smokey Robinson & Stevie Wonder)
4%
Conversation Peace Rain Your Love Down
4%
I Was Made To Love Her Respect
4%
Stevie Wonder's Journey Through 'The Secret Life of Plants' Seasons
4%
Signed, Sealed & Delivered Something To Say
4%
Conversation Peace Sorry
4%
A Time To Love So What The Fuss (ft En Vogue & Prince)
4%
The Outsiders: Soundtrack Stay Gold
4%
Up-Tight Teach Me Tonight
4%
Someday At Christmas The Christmas Song
4%
For Once In My Life The House On The Hill
4%
Conversation Peace Tomorrow Robins Will Sing
4%
Conversation Peace Treat Myself
4%
Looking Back Until You Come Back To Me (That's What I'm Gonna Do)
4%
Up-Tight With A Child's Heart
4%
My Cherie Amour You And Me
4%
Signed, Sealed & Delivered You Can't Judge A Book By Its Cover
4%
For Once In My Life You Met Your Match
4%
I Was Made To Love Her A Fool For You
0%
Up-Tight Ain't That Asking For Trouble
0%
Change Is Now: Renewing America's Promise All About The Love Again
0%
Signed, Sealed & Delivered Anything You Want Me To Do
0%
My Cherie Amour At Last
0%
Someday At Christmas Ave Maria
0%
Someday At Christmas A Warm Little Home On A Hill
0%
I Was Made To Love Her Baby Don't You Do It
0%
Stevie At The Beach Beachstomp
0%
Someday At Christmas Bedtime For Boys
0%
The Big Bang Been Through The Storm (Busta Rhymes ft Stevie Wonder)
0%
Stevie At The Beach Beyond The Sea
0%
Eivets Rednow Bye Bye World
0%
Bush California Roll (Snoop Dogg ft Stevie Wonder)
0%
I Was Made To Love Her Can I Get A Witness
0%
A Time To Love Can't Imagine Love Without You
0%
Non-Album Singles Can't Put It In The Hands Of Fate (ft Rapsody, Cordae, Chika & Busta Rhymes)
0%
Jungle Fever Chemical Love
0%
Someday At Christmas Christmastime
0%
Conversation Peace Cold Chill
0%
Tribute To Uncle Ray Come Back Baby
0%
Tha Blue Carpet Treatment Conversations (Snoop Dogg ft Stevie Wonder)
0%
Tribute To Uncle Ray Don't You Know
0%
With A Song In My Heart Dream
0%
Tribute To Uncle Ray Drown In My Own Tears
0%
Jungle Fever Each Other's Throat
0%
Stevie At The Beach Ebb Tide
0%
Conversation Peace Edge Of Eternity
0%
I Was Made To Love Her Everybody Needs Somebody (I Need You)
0%
Playin' With My Friends: Bennett Sings The Blues Everyday (I Have The Blues) (With Tony Bennett)
0%
I Was Made To Love Her Every Time I See You I Go Wild
0%
Nobody's Child: Romanian Angel Appeal Feeding Off The Love Of The Land
0%
Sing (If You Want It) Feeling You (With Omar)
0%
Tribute To Uncle Ray Frankie & Johnny
0%
With A Song In My Heart Get Happy
0%
The Return Of The Regulator Ghetto Village (With Warren G)
0%
With A Song In My Heart Give Your Heart A Chance
0%
Jungle Fever Gotta Have You
0%
Eivets Rednow Grazin' In The Grass
0%
My Cherie Amour Hello Young Lovers
0%
Down To Earth Hey Love
0%
Looking Back High Heel Sneaker
0%
The Adventures Of Pinocchio: Soundtrack Hold On To Your Dream
0%
Eivets Rednow How Can You Believe
0%
The Day How Come How Long (Babyface ft Stevie Wonder)
0%
A Time To Love How Will I Know (ft Aisha Morris)
0%
Single I Call It Pretty Music But The Old People Call It The Blues
0%
Signed, Sealed & Delivered I Can't Let My Heaven Walk Away
0%
For Once In My Life I'd Be A Fool Right Now
0%
I Was Made To Love Her I'd Cry
0%
Down In The Delta: Soundtrack If Ever
0%
Jungle Fever If She Breaks Your Heart
0%
Jungle Fever I Go Sailing
0%
For Once In My Life I'm More Than Happy (I'm Satisfied)
0%
Conversation Peace I'm New
0%
A Tribute To Curtis Mayfield I'm The One Who Loves You
0%
Still Standing I'm Too Close (The Williams Brothers ft Stevie Wonder)
0%
Unwrapped Into You (With Gloria Estefan)
0%
I Was Made To Love Her I Pity The Fool
0%
The Woman In Red: Soundtrack It's More Than You
0%
The Woman In Red: Soundtrack It's You (ft Dionne Warwick)
0%
My Cherie Amour I've Got You
0%
For Once In My Life I Wanna Make Her Love Me
0%
Up-Tight I Want My Baby Back
0%
John Q: Soundtrack Justice Of The Heart
0%
Non-Album Single Keep Our Love Alive
0%
The Adventures Of Pinocchio: Soundtrack Kiss Lonely Goodbye
0%
With A Song In My Heart Make Someone Happy
0%
Jungle Fever Make Sure You're Sure
0%
The Jazz Soul Of Little Stevie Manhattan At Six
0%
Bamboozled: Soundtrack Misrepresented People
0%
Eivets Rednow More Than A Dream
0%
Natural Wonder Ms & Mr Little Ones
0%
Tribute To Uncle Ray My Baby's Gone
0%
I Was Made To Love Her My Girl
0%
A Time To Love My Love Is On Fire (ft Hubert Laws)
0%
Conversation Peace My Love Is With You
0%
Down To Earth My World Is Empty Without You
0%
Up-Tight Nothing's Too Good For My Baby
0%
Someday At Christmas One Little Christmas Tree
0%
With A Song In My Heart On The Sunny Side Of The Street
0%
Handel's Messiah: A Soulful Celebration O Thou That Tellest Good Tidings to Zion
0%
A Time To Love Passionate Raindrops
0%
The Jazz Soul Of Little Stevie Paulsby
0%
Pavarotti & Friends for the Children of Liberia Peace Wanted Just To Be Free (With Luciano Pavarotti)
0%
My Cherie Amour Pearl
0%
A Time To Love Please Don't Hurt My Baby
0%
I Was Made To Love Her Please Please Please
0%
A Time To Love Positivity (ft Aisha Morris)
0%
Up-Tight Pretty Little Angel
0%
With A Song In My Heart Put On A Happy Face
0%
Jungle Fever Queen In The Black
0%
Non-Album Singles Real Love (With Byron Miller & Walter Beasley)
0%
Get On The Bus: Soundtrack Redemption Song
0%
Stevie At The Beach Red Sails In The Sunset
0%
Eivets Rednow Ruby
0%
Stevie At The Beach Sad Boy
0%
I Was Made To Love Her Send Me Some Lovin'
0%
Conversation Peace Sensuous Whisper
0%
The Jazz Soul Of Little Stevie Session Number 112
0%
A Time To Love Shelter In The Rain (ft Kirk Franklin)
0%
Someday At Christmas Silver Bells
0%
Let's Get The Mood Right Simply Say I Love U (Johnny Gill ft Stevie Wonder)
0%
Down To Earth Sixteen Tons
0%
My Cherie Amour Somebody Knows Somebody Cares
0%
The Jazz Soul Of Little Stevie Some Other Time
0%
Bamboozled: Soundtrack Some Years Ago
0%
The Jazz Soul Of Little Stevie Soul Bingo
0%
Recorded Live: The 12 Year Old Genius Soul Bongo
0%
Natural Wonder Stevie Ray Blues
0%
Gershwin's World St Louis Blues (Herbie Hancock ft Stevie Wonder)
0%
Inner City Blues: The Music of Marvin Gaye Stubborn Kind Of Fellow
0%
A Time To Love Sweetest Somebody I Know
0%
In Loving Memory Swing Low Sweet Chariot
0%
Down To Earth Sylvia
0%
Conversation Peace Taboo To Love
0%
Conversation Peace Take The Time Out
0%
A Time To Love Tell Your Heart I Love You
0%
Down To Earth Thank You Love
0%
Stevie At The Beach The Beachcomber
0%
Voyage To India The Christmas Song (India Arie ft Stevie Wonder)
0%
Someday At Christmas The Day That Love Began
0%
Down To Earth The Lonesome Road
0%
Stevie At The Beach The Party At The Beach House
0%
My Cherie Amour The Shadow Of Your Smile
0%
The Jazz Soul Of Little Stevie The Square
0%
Time Time Will Teach Us All (With Julian Lennon)
0%
Song To Feel The Fire
0%
Looking Back Travelin' Man
0%
A Time To Love True Love
0%
Mulan: An Original Walt Disney Records Soundtrack True To Your Heart (With (98 Degrees)
0%
Someday At Christmas Twinkle Twinkle Little Me
0%
The Last Dragon: Soundtrack Upset Stomach
0%
The Woman In Red: Soundtrack Weakness (With Dionne Warwick)
0%
I'm Your Baby Tonight We Didn't Know (With Whitney Houston)
0%
JPEG Raw What About The Children (With Gary Clark Jr)
0%
Stardust: The Great American Songbook, Volume III What A Wonderful World (Rod Stewart ft Stevie Wonder)
0%
With A Song In My Heart When You Wish Upon A Star
0%
Non-Album Singles Where Is Our Love Song (ft Gary Clark Jr)
0%
Eivets Rednow Which Way The Wind
0%
Join The Band Why I Feel This Way (Take 6 ft Stevie Wonder)
0%
With A Song In My Heart Without A Song
0%
The Jazz Soul Of Little Stevie Wondering
0%
No matching quizzes found
Score Distribution
Percent of People with Each Score
Percentile by Number Answered
Your Score History
You have not taken this quiz